"Lesz-e még hely hol fölolvasgatól"
Elmentve itt :
| Szerző: | |
|---|---|
| Adatforrás: | Meister |
| Forrásdokumentuma: | A Hét. - 30 sz., 1997, 12 p. |
| Nyelv: | magyar |
| Kulcsszavak: | kultúrfilozófia Internet kultúra |
| LEADER | 00377nab a2200145 i 4500 | ||
|---|---|---|---|
| 001 | bibPRO00007145 | ||
| 008 | 060524s1997 xx hun | ||
| 040 | |a Sz1 | ||
| 041 | |a hun | ||
| 100 | 1 | |a SZÁSZ János | |
| 245 | 1 | 1 | |a "Lesz-e még hely hol fölolvasgatól" |c SZÁSZ János |
| 695 | |a kultúrfilozófia | ||
| 695 | |a Internet | ||
| 695 | |a kultúra | ||
| 773 | 0 | |t A Hét. - |g 30 sz., 1997, 12 p. | |